000 00575nam a2200217Ia 4500
005 20241129120255.0
008 241129s9999||||xx |||||||||||||| ||und||
020 _a9789350028124
037 _aTB
040 _aSDCL
_beng
_cSDCL
041 _aeng
_2eng
084 _aWxJ88,1 R3
_qSDCL
100 _aMeszaros Istvan
245 0 _aBeyond leviathan: Critique of the state
260 _aDelhi
_bAakar Books India
_c2023
300 _a482p.
365 _aINR
_b895
650 _aPolitical Science
942 _cTB
_hWxJ88,1 R3
999 _c1234107
_d1234107